[Event "Pagrati 1st"]
[Site "Pagrati"]
[Date "2006.04.03"]
[Round "6"]
[White "Kotrotsos, Vasilios"]
[Black "Drakopoulos, Anastasios"]
[Result "0-1"]
[WhiteElo "2319"]
[BlackElo "2182"]
[PlyCount "120"]
[EventDate "2006.03.21"]
[EventType "tourn"]
[EventRounds "11"]
[EventCountry "GRE"]
[SourceTitle "EXT 2007"]
[Source "ChessBase"]
[SourceDate "2006.11.23"]
[SourceVersion "1"]
[SourceVersionDate "2006.11.23"]
[SourceQuality "1"]

1. e4 e5 2. Nf3 Nc6 3. d4 exd4 4. Nxd4 Nf6 5. Nxc6 bxc6 6. e5 Nd5 7. Bc4 Nb6 8. Bd3 d6 9. Bf4 Nd5 10. Bg3 dxe5 11. Bxe5 Bd6 12. Bxd6 cxd6 13. 0-0 0-0 14. Qd2 Qf6 15. c4 Nf4 16. Be4 Rb8 17. Nc3 Be6 18. Rfd1 d5 19. cxd5 cxd5 20. Bf3 Rfd8 21. b3 Rbc8 22. Nb5 Nh3+ 23. Kf1 Ng5 24. Be2 Ne4 25. Qd4 Qh6 26. f3 a6 27. fxe4 axb5 28. Kg1 Qg5 29. e5 Rc2 30. Bf3 h6 31. a4 bxa4 32. Rxa4 Rb8 33. Rb1 Rc1+ 34. Rxc1 Qxc1+ 35. Kf2 Qc2+ 36. Kg3 Qg6+ 37. Kf2 Qc2+ 38. Kg3 Qxb3 39. h4 Qc2 40. Rb4 Rxb4 41. Qxb4 Qd3 42. Qa4 h5 43. Kh2 Qe3 44. Qa8+ Kh7 45. Qb8 Qf4+ 46. Kg1 Qxh4 47. Qb1+ g6 48. Qa1 Qf4 49. Qe1 d4 50. Qe4 Qxe4 51. Bxe4 Bc4 52. Kf2 Kh6 53. Kf3 Kg5 54. g3 h4 55. gxh4+ Kxh4 56. Kf4 g5+ 57. Kf3 g4+ 58. Kg2 d3 59. Kf2 d2 60. Bc2 Kh3 0-1

[Event "Pagrati 1st"]
[Site "Pagrati"]
[Date "2006.03.31"]
[Round "5"]
[White "Drakopoulos, Anastasios"]
[Black "Klokas, Konstantinos"]
[Result "1-0"]
[WhiteElo "2182"]
[BlackElo "2230"]
[PlyCount "103"]
[EventDate "2006.03.21"]
[EventType "tourn"]
[EventRounds "11"]
[EventCountry "GRE"]
[SourceTitle "EXT 2007"]
[Source "ChessBase"]
[SourceDate "2006.11.23"]
[SourceVersion "1"]
[SourceVersionDate "2006.11.23"]
[SourceQuality "1"]

1. d4 Nf6 2. Nf3 g6 3. g3 Bg7 4. Bg2 0-0 5. 0-0 d6 6. c4 c5 7. Nc3 Nc6 8. dxc5 dxc5 9. Bf4 Bd7 10. Ne5 Nxe5 11. Bxe5 Qc8 12. Nd5 Nxd5 13. Bxg7 Kxg7 14. cxd5 Qc7 15. Qd2 Rfd8 16. Rac1 Rac8 17. e4 Bb5 18. Qc3+ Kg8 19. Rfe1 e6 20. dxe6 fxe6 21. Bh3 Kf7 22. Re3 Rd4 23. Rf3+ Ke7 24. Bxe6 Kxe6 25. Qb3+ c4 26. Qxb5 Rxe4 27. Rd1 Re5 28. Qb4 Qc6 29. Qc3 b5 30. Re3 Rxe3 31. Qxe3+ Kf6 32. Qxa7 Re8 33. Qd4+ Kf7 34. a3 Re4 35. Qh8 h5 36. h4 Qe6 37. Qc3 Qe5 38. Qf3+ Ke7 39. Kg2 Re2 40. Qb7+ Kf6 41. Qc6+ Kg7 42. Rd7+ Kh6 43. Qb7 Rxf2+ 44. Kxf2 Qxb2+ 45. Ke1 Qc1+ 46. Ke2 Qb2+ 47. Rd2 Qe5+ 48. Kf2 c3 49. Re2 Qc5+ 50. Kg2 c2 51. Qb8 Qd5+ 52. Kh2 1-0